Shaolin: (Record no. 211460)

MARC details
000 -LEADER
fixed length control field 00624nam a22001937a 4500
005 - DATE AND TIME OF LATEST TRANSACTION
control field 20250530103812.0
010 ## - LCCN (DPL NO)
LC control number ENG-145027
020 ## - INTERNATIONAL STANDARD BOOK NUMBER
International Standard Book Number 9789355430434
Terms of availability 499.00
035 ## - SYSTEM CONTROL NUMBER
System control number EN-128559
037 ## - SOURCE OF ACQUISITION
Source of stock number/acquisition DBAD
082 ## - DEWEY DECIMAL CLASSIFICATION NUMBER
Classification number 158.1
Edition number 1
100 ## - MAIN ENTRY--PERSONAL NAME
Personal name Moestl, Bernhard
245 ## - TITLE STATEMENT
Title Shaolin:
Statement of responsibility, etc Bernhard Moestl
Remainder of title How To Win Without Fighting/
260 ## - PUBLICATION, DISTRIBUTION, ETC. (IMPRINT)
Place of publication, distribution, etc NoidaU.P.
Name of publisher, distributor, etc Amaryllis
Date of publication, distribution, etc 2022
270 ## - ADDRESS
Address C-16,Sector3,Noida,Uttar Pradesh
City Uttar Pradesh
Postal code 201301
300 ## - PHYSICAL DESCRIPTION
Extent viii,304p.
Dimensions 19cm(hb)
500 ## - GENERAL NOTE
General note Using Mind Power to Achieve Peace, Clarity and Inner Strength
942 ## - ADDED ENTRY ELEMENTS (KOHA)
Source of classification or shelving scheme Dewey Decimal Classification
Item type English Books
Classification part 158.1
Call number suffix MOE
Holdings
Withdrawn status Lost status Not for loan Collection code Home library Current library Date acquired Source of acquisition Cost, normal purchase price Full call number Barcode Copy number Cost, replacement price Koha item type
      Non-fiction New Police Line New Police Line 30/05/2025 Delivery of Books Act Division 499.00 158.1 MOE EN-128559 1 499.00 English Books

© Delhi Public Library
Hit Counter
free hit counter